000 00674nam a22001817a 4500
003 JO-AjAnu
005 20250930090201.0
008 250928b jo ||||| |||| 00| 0 ara d
040 _aANU
_cJO-AjAnu
041 _hARA
100 _aأيوب، مها محمد
_eمؤلف
_966660
245 _aنظام التصويت في المنظمات الدولية /
_cمها محمد ايوب
250 _aط1
260 _aالقاهرة :
_bدار وليد للنشر والتوزيع والبرمجيات؛
_c 2021
300 _a155 صفحة
650 _vالقانون الدولي العام-المنظمات الدولية-قوانين وتشريعات
942 _2lcc
_cBK
_n0
999 _c33989
_d33989